Czechoslovakia Country Quiz - Statistics

General Stats
  • This quiz has been taken 397 times
  • The average score is 11 of 19
Answer Stats
Hint Answer % Correct
Capital city and largest city Prague
99%
2nd largest city Bratislava
91%
3rd largest city Brno
84%
Long river that flows through the above city Danube
84%
Country that invaded in 1968 to stop intended reforms Soviet Union
77%
Independence from this empire Austria-Hungary
74%
Currency Koruna
64%
Revolution that ended communist rule {Velvet} Revolution
60%
Military alliance Czechoslovakia was a member of Warsaw Pact
60%
Czechoslovakia won six world championships in this sport Ice Hockey
57%
Co-founder and first president (1918-1935) Tomáš Masaryk
51%
Area annexed by Nazi Germany in 1938 Sudetenland
50%
Leader of that revolution and last president Václav Havel
48%
Last president before communist rule Edvard Beneš
43%
Alliance with Hungary and Poland founded in 1991 Visegrád Group
39%
First communist leader Klement Gottwald
38%
Programme announced in 1968 Socialism with a {human} {face}
29%
Collaborationist president after Munich Agreement Emil Hácha
27%
Name for period between end of Prague Spring and start of Glasnost Normalization
19%
No matching quizzes found
Score Distribution
Percent of People with Each Score
Percentile by Number Answered
Your Score History
You have not taken this quiz